=LDR 00000nam 2200000 4500 =001 INLIS000000000031420 =005 20250113025052 =035 ##$$a 0010-061300000031420 =008 250113################g##########0#ind## =041 ##$$a iND =082 ##$$a 662.8 =090 ##$$a 662.8, Bio, b =245 ##$$a Bioetanol ubi kayu : $b Bahan bakar masa depan /$c Rama Prihandana, Kartika Noerwijati, Praptiningsih at.all =260 ##$$a Jakarta :$b Agro Media Pustaka,$c 2007 =300 ##$$a xxx,194 hlm., : $b ilus., ; $c 23 cmx18 cm. =650 #4$$a Bioetanol Ubi Kayu =850 ##$$a NBPNMAT =020 ##$$a 979-006-1312-5 =084 ##$$a 662.8 BIO b1 =500 ##$$a Biografi Hlm.189 s.d. 194 =700 #$$a Tim =990 ##$$a 20903001 =990 ##$$a 20903003 =990 ##$$a 20903001 =990 ##$$a 20903003 =990 ##$$a 20903003 =990 ##$$a 20903001 =990 ##$$a 07770777 =990 ##$$a 20903004 =990 ##$$a 20903001 =990 ##$$a 20903003 =990 ##$$a 20903004 =990 ##$$a 20903001 =990 ##$$a 20903003 =990 ##$$a 20903003 =990 ##$$a 20903001 =990 ##$$a 20903004 =990 ##$$a 10761076 =990 ##$$a 20903002 =990 ##$$a 20903001 =990 ##$$a 20903003 =990 ##$$a 20903004 =990 ##$$a 20903003 =990 ##$$a 20903001 =990 ##$$a 20903004 =990 ##$$a 20903002